| 000 | 01173nac a22003377a 4500 | ||
|---|---|---|---|
| 001 | BR0700517 | ||
| 003 | BR-BrBNA | ||
| 005 | 20240105123349.0 | ||
| 008 | 230509b bl.|||m| |||| 00| 0 por d | ||
| 040 |
_aBR-BrBNA _bpor _cBiblioteca Nacional de Agricultura |
||
| 072 | _aP10; N20; U10 | ||
| 090 | _a4630 BR0700517 | ||
| 100 | 1 | _aBack, A.J. | |
| 110 | 1 | _aEmpresa de Pesquisa Agropecuária e Extensão Rural de Santa Catarina S.A., Florianópolis (Brasil) | |
| 245 | 1 | _aMedidas de vazão com molinete hidrométrico e coleta de sedimentos em suspensão | |
| 260 | 3 |
_aFlorianópolis, SC (Brasil): _c2006. |
|
| 300 | _a56 p. | ||
| 490 |
_aBoletim Técnico - Empresa de Pesquisa Agropecuária e Extensão Rural de Santa Catarina S.A. (Brazil) _vno. 130 _xISSN 0100-7416 |
||
| 500 | _a49 illus.; 9 tables; 11 ref. | ||
| 650 | _aRIO | ||
| 650 | _aRECURSO HÍDRICO | ||
| 650 | _aINSTRUMENTO DE MEDIDA | ||
| 650 | _aESCOAMENTO | ||
| 650 | _aEQUIPAMENTO AGRÍCOLA | ||
| 650 | _aVAZÃO | ||
| 650 | _aPROPRIEDADE MECÂNICA | ||
| 650 | _aVELOCIDADE | ||
| 650 | _aMODELO MATEMÁTICO | ||
| 909 |
_a202312 _bLúcia Elande _c55 _dLúcia Elande |
||
| 942 |
_2AGRIS _n0 _cMS |
||
| 999 |
_c295127 _d295127 |
||